Russia's Islamic Threat

Gespeichert in:
Bibliographische Detailangaben
1. Verfasser: Hahn, Gordon M.
Format: Buch
Sprache:Englisch
Veröffentlicht: New Haven Yale University Press 2007
Schlagworte:
Tags: Tag hinzufügen
Keine Tags, Fügen Sie das erste Tag hinzu!

MARC

LEADER 00000nam a2200000 4500
001 0279332
005 20240306135942.8
020 |a 978-0-300-12077-6 
041 0 |a eng 
044 |a US 
245 1 0 |a Russia's Islamic Threat 
264 1 |a New Haven  |b Yale University Press  |c 2007 
300 |a 349 s. 
610 2 0 |a moslimovia 
610 2 0 |a náboženstvo 
610 2 0 |a islam 
610 2 0 |a nacionalizmus 
610 2 0 |a bezpečnosť 
610 2 0 |a terorizmus 
610 2 0 |a revolúcia 
610 2 0 |a stabilita politická 
610 2 0 |a politika medzinárodná 
610 2 0 |a Rusko 
100 1 |a Hahn, Gordon M.